[Event "Corumba IRT Benedito"]
[Site "Corumba"]
[Date "2018.09.08"]
[Round "4.1"]
[White "De Sa, Edivaldo Alves"]
[Black "Roman, Josemar Cespedes"]
[Result "0-1"]
[WhiteElo "1946"]
[BlackElo "1922"]
[PlyCount "172"]
[EventDate "2018.09.07"]
[EventType "swiss"]
[EventRounds "5"]
[EventCountry "BRA"]
[SourceTitle "EXT 2022"]
[Source "ChessBase"]
[SourceDate "2021.10.06"]
[SourceVersion "1"]
[SourceVersionDate "2021.10.06"]
[SourceQuality "1"]

1. Nf3 d6 2. d4 Nf6 3. g3 g6 4. Bg2 Bg7 5. 0-0 0-0 6. Re1 Nbd7 7. e4 e5 8. c3 Qe7 9. Nbd2 a5 10. b3 Nb6 11. a4 Bd7 12. Bb2 Rfd8 13. Qe2 Rac8 14. Rad1 Na8 15. Ba3 c5 16. dxe5 dxe5 17. Nc4 b5 18. Ncxe5 bxa4 19. Nxd7 Rxd7 20. bxa4 Nb6 21. Qb5 Rb7 22. e5 Nfd5 23. Qb3 c4 24. Qxb6 Nxb6 25. Bxe7 Rxe7 26. Re4 Bh6 27. Ree1 Nxa4 28. Ra1 Nxc3 29. Rxa5 Rb7 30. Ng5 Rbc7 31. h4 Bxg5 32. hxg5 Rc5 33. Ra7 Nb5 34. Rd7 c3 35. e6 fxe6 36. Be4 c2 37. Bxc2 Rxc2 38. Rxe6 R2c7 39. Rd5 Nc3 40. Rdd6 Na4 41. Kg2 Nc5 42. Re5 Nd7 43. Red5 Nf8 44. f4 Rc6 45. g4 R6c7 46. Kg3 Rc3+ 47. Rd3 R3c5 48. Rf3 Rc3 49. Rfd3 Rxd3+ 50. Rxd3 Kf7 51. Rd6 Rc3+ 52. Kf2 Ra3 53. Rf6+ Kg7 54. Rd6 Rb3 55. Kg2 Re3 56. Kf2 Re6 57. Rd5 Re7 58. Rd6 Rf7 59. Kg3 Rd7 60. Rc6 Rd3+ 61. Kf2 Rd1 62. Kg3 Kf7 63. Rf6+ Ke7 64. f5 Rd6 65. fxg6 hxg6 66. Rf3 Ne6 67. Re3 Kf7 68. Rf3+ Kg7 69. Kh4 Rd8 70. Ra3 Rh8+ 71. Kg3 Nxg5 72. Ra7+ Nf7 73. g5 Rc8 74. Kg4 Rc5 75. Kf4 Rf5+ 76. Kg4 Rxg5+ 77. Kf4 Rf5+ 78. Kg4 Re5 79. Rb7 Kf6 80. Rb6+ Re6 81. Rb1 Nh6+ 82. Kg3 Nf5+ 83. Kf2 g5 84. Rb8 Ke5 85. Rb5+ Kf4 86. Rb4+ Re4 0-1

[Event "Corumba De Aragao Memorial"]
[Site "Corumba"]
[Date "2018.08.30"]
[Round "9"]
[White "Roman, Josemar Cespedes"]
[Black "Senna, Vinicius Furtado"]
[Result "1-0"]
[WhiteElo "1922"]
[BlackElo "1751"]
[PlyCount "61"]
[EventDate "2018.08.09"]
[EventType "tourn"]
[EventRounds "10"]
[EventCountry "BRA"]
[SourceTitle "CBM 187 Extra"]
[Source "ChessBase"]
[SourceDate "2018.11.04"]
[SourceVersion "1"]
[SourceVersionDate "2018.11.04"]
[SourceQuality "1"]

1. e4 e5 2. d4 exd4 3. c3 dxc3 4. Nxc3 d5 5. exd5 Nf6 6. Nf3 h6 7. Be2 Be7 8. 0-0 0-0 9. Bf4 Bd6 10. Be3 c6 11. Qd2 Ng4 12. Rad1 Qc7 13. h3 Nxe3 14. fxe3 Rd8 15. e4 Bf4 16. Qd3 Bxh3 17. gxh3 Rd6 18. Nh4 Be5 19. Nf5 Rg6+ 20. Kh1 Na6 21. d6 Qd7 22. Ne7+ Kh7 23. Nxg6 fxg6 24. Bg4 Qd8 25. Qf3 Nc5 26. d7 Bxc3 27. bxc3 Qa5 28. e5 h5 29. Bxh5 gxh5 30. Qxh5+ Kg8 31. Qf7+ 1-0

[Event "Corumba Rodrigues de Souza Memorial 2nd"]
[Site "Corumba"]
[Date "2018.06.30"]
[Round "3.5"]
[White "Roman, Josemar Cespedes"]
[Black "Lopes, Marcos Lazaro Dos S"]
[Result "1-0"]
[WhiteElo "1889"]
[BlackElo "1932"]
[PlyCount "95"]
[EventDate "2018.06.28"]
[EventType "tourn"]
[EventRounds "9"]
[EventCountry "BRA"]
[SourceTitle "EXT 2022"]
[Source "ChessBase"]
[SourceDate "2021.10.06"]
[SourceVersion "1"]
[SourceVersionDate "2021.10.06"]
[SourceQuality "1"]

1. e4 g6 2. Be2 c5 3. d4 cxd4 4. Qxd4 Nf6 5. Nc3 Nc6 6. Qd2 d6 7. f3 Be6 8. b3 Bg7 9. Bb2 Nd7 10. g4 h5 11. g5 a6 12. h4 b5 13. Nh3 Bxh3 14. Rxh3 Rc8 15. Nd1 Bxb2 16. Nxb2 Qb6 17. Rh1 Nd4 18. c3 Ne6 19. Nd3 Nec5 20. Nb4 e6 21. Rd1 Ke7 22. Qd4 Rhd8 23. f4 a5 24. Nc2 e5 25. Qe3 exf4 26. Qxf4 Ne6 27. Qd2 Qc5 28. Ne3 Ne5 29. Rf1 Kf8 30. Nd5 b4 31. c4 Qa7 32. Nf4 Nxf4 33. Qxf4 Qe7 34. Rg1 a4 35. Rg3 axb3 36. axb3 Ra8 37. Qd2 Qb7 38. Qd4 Ra2 39. c5 Re8 40. cxd6 Kg8 41. Re3 Nd7 42. Rd2 Ra5 43. Bc4 Rae5 44. Rf2 Rf8 45. Bd5 Qc8 46. Kf1 Rxd5 47. Qxd5 Qe8 48. e5 1-0